[Event "12th HZ Open"]
[Site "Vlissingen NED"]
[Date "2008.08.08"]
[Round "8"]
[White "Di Berardino,D"]
[Black "Genzling,A"]
[Result "1-0"]
[WhiteElo "2471"]
[BlackElo "2326"]

1.e4 c5 2.Nf3 Nc6 3.Nc3 g6 4.d4 cxd4 5.Nxd4 Bg7 6.Be3 Nf6 7.Bc4 Qa5 8.O-O O-O
9.Bb3 d6 10.h3 Bd7 11.Re1 Rfe8 12.Qe2 Rac8 13.Rad1 Nxd4 14.Bxd4 Bc6 15.Nd5 Bxd5
16.exd5 Nd7 17.c3 b5 18.Bxg7 Kxg7 19.Rd4 Rc7 20.a3 Qb6 21.Rb4 a6 22.a4 Rc5
23.axb5 a5 24.Rf4 a4 25.Bxa4 Ne5 26.Rd4 Rec8 27.Kh2 Rc4 28.Red1 g5 29.Bb3 Rxd4
30.Rxd4 Ra8 31.Ra4 Rxa4 32.Bxa4 Qa5 33.Qd1 Qa7 34.Kg1 f6 35.Bc2 Qc5 36.Qh5 h6
37.Qe8 Qa7 38.Bf5 Qa1+ 39.Kh2 Qc1 40.Qxe7+ Nf7 41.Qe3 Qxb2 42.b6 Ne5 43.Bc8 h5
44.b7 g4 45.Qa7 g3+ 46.Kxg3 Qxc3+ 47.Kh2  1-0

[Event "Acropolis Open"]
[Site "Athens GRE"]
[Date "2008.08.10"]
[Round "2"]
[White "Petraki,M"]
[Black "Filippas,S"]
[Result "1/2-1/2"]
[WhiteElo "2069"]
[BlackElo "2240"]

1.e4 c5 2.Nc3 Nc6 3.Bb5 Nd4 4.Bc4 g6 5.Nge2 Bg7 6.Nxd4 cxd4 7.Ne2 e6 8.d3 Ne7
9.O-O O-O 10.Bb3 Nc6 11.a4 f5 12.exf5 gxf5 13.Nf4 b6 14.Nh5 Rf7 15.Nxg7 Rxg7
16.Bd2 Bb7 17.f3 Qh4 18.Qe2 Kf7 19.Rae1 Rg6 20.Rf2 Rag8 21.Ba2 a5 22.Bc4 Nb4
23.c3 Nc2 24.Rc1 Ne3 25.Bxe3 dxe3 26.Qxe3 f4 27.Qd4 Bc6 28.Bb5 Rh6 29.Kf1 Qxh2
30.Ke1 Bxb5 31.axb5 Ke8 32.Qxb6 Rhg6 33.Ke2 Rxg2 34.Rf1 Qh5 35.Qb8+ Ke7 36.Qxf4 Qxb5
37.Ke3 R2g5 38.d4 h5 39.Rc1 e5 40.Qe4 Kf7 41.c4 exd4+ 42.Qxd4 Qf5 43.Rd1 Re8+
44.Kd2 d5 45.Kc3 Rc8 46.b3 Kg8 47.Kb2 dxc4 48.bxc4 Qf7 49.f4 Qb7+ 50.Ka2 Rg4
51.Qd5+ Qf7 52.Rh1 Rxc4 53.Qxf7+ Kxf7  1/2-1/2

[Event "Open"]
[Site "Stare Mesto CZE"]
[Date "2008.08.10"]
[Round "4"]
[White "Jurcik,Mari"]
[Black "Roubalik,J"]
[Result "1/2-1/2"]
[WhiteElo "2378"]
[BlackElo "2168"]

1.e4 c5 2.Nc3 Nc6 3.Nge2 d6 4.d4 cxd4 5.Nxd4 e5 6.Nf5 Bxf5 7.exf5 Nf6 8.Bg5 Be7
9.Bxf6 Bxf6 10.Bc4 Nd4 11.Qd3 O-O 12.O-O-O Rc8 13.Bb3 Rxc3 14.bxc3 e4 15.Qxe4 Nb5
16.Rd3 Nxc3 17.Qb4 Qc7 18.Re1 d5 19.g3 a5 20.Qf4 Qc5 21.a4 b5 22.axb5 h6
23.h4 Qxb5 24.Qd6 Rd8 25.Qc7 Qb4 26.Rxc3 Qxc3 27.Qxc3 Bxc3 28.Re7 Kf8 29.Rc7  1/2-1/2

[Event "Najdorf Memorial Open"]
[Site "Warsaw POL"]
[Date "2008.08.10"]
[Round "9"]
[White "Brodowski,P"]
[Black "Warszawski,B"]
[Result "1-0"]
[WhiteElo "2424"]
[BlackElo "2277"]

1.e4 c5 2.Nc3 Nc6 3.Nf3 g6 4.d4 cxd4 5.Nxd4 Bg7 6.Be3 Nf6 7.Nb3 O-O 8.Be2 d6
9.O-O Be6 10.f4 Qc8 11.Kh1 Rd8 12.Bd3 d5 13.f5 dxe4 14.fxe6 exd3 15.exf7+ Kxf7
16.cxd3 Kg8 17.Nc5 Nd4 18.Bxd4 Rxd4 19.Qb3+ Kh8 20.Ne6 Rxd3 21.Rae1 Nd5 22.Nxg7 Kxg7
23.Qb5 Rxc3 24.Qxd5 Rc2 25.Rxe7+ Kh6 26.Qf7  1-0

[Event "Acropolis Open"]
[Site "Athens GRE"]
[Date "2008.08.12"]
[Round "4"]
[White "Petraki,M"]
[Black "Fernandez,Dani"]
[Result "1-0"]
[WhiteElo "2069"]
[BlackElo "2401"]

1.e4 c5 2.Nc3 Nc6 3.Bb5 Nd4 4.Bc4 g6 5.Nge2 Bg7 6.Nxd4 cxd4 7.Ne2 e6 8.d3 Ne7
9.O-O O-O 10.Bb3 f5 11.c3 dxc3 12.bxc3 b6 13.Nd4 fxe4 14.dxe4 Ba6 15.Re1 Rc8
16.Ba3 Rf7 17.Rc1 Nc6 18.Nxc6 Rxc6 19.e5 Qc8 20.Qd2 Bc4 21.Bd1 Rf5 22.Bd6 Rxd6
23.Qxd6 Bf8 24.Qd2 Bc5 25.Bf3 Rxf3 26.gxf3 Qf8 27.Re4 Bd5 28.Rf4 Qh6 29.Rd4 Qh3
30.Rxd5 exd5 31.Qxd5+ Kg7 32.Rd1 Kh6 33.Qe4  1-0

[Event "ch-Euro Seniors"]
[Site "Davos SUI"]
[Date "2008.08.12"]
[Round "4"]
[White "Tseshkovsky,V"]
[Black "Klundt,K"]
[Result "1-0"]
[WhiteElo "2519"]
[BlackElo "2361"]

1.e4 c5 2.Nc3 Nc6 3.Bb5 Nd4 4.Nf3 e6 5.Nxd4 cxd4 6.Ne2 Ne7 7.O-O a6 8.Ba4 Nc6
9.d3 Be7 10.f4 O-O 11.Kh1 b5 12.Bb3 d6 13.f5 Bd7 14.Bd2 Bf6 15.Nf4 exf5 16.exf5 Be5
17.Qh5 Ne7 18.Nd5 Nxd5 19.Bxd5 Rc8 20.Rf3 Qf6 21.Bg5 g6 22.Qh4 Qh8 23.Bh6 Bxf5
24.Bxf8 Rxf8 25.g4 Bd7 26.Bxf7+  1-0

[Event "Open"]
[Site "Panevezys LTU"]
[Date "2008.08.12"]
[Round "1"]
[White "Zilinskas,V"]
[Black "Januseviciute,D"]
[Result "1-0"]
[WhiteElo "2147"]
[BlackElo "1856"]

1.e4 c5 2.Nc3 Nc6 3.Bb5 d6 4.Bxc6+ bxc6 5.Nf3 Ba6 6.d3 g6 7.O-O Bg7 8.Re1 e6
9.Be3 Ne7 10.e5 Nd5 11.Ne4 Nxe3 12.fxe3 dxe5 13.Nxc5 Qb6 14.Nxa6 Qxa6 15.Nd2 O-O
16.Qg4 Rab8 17.Nc4 e4 18.Qxe4 Bxb2 19.Rab1 Bc3 20.Rxb8 Rxb8 21.Rf1 c5 22.Rxf7 Kxf7
23.Qf4+ Kg7 24.Qxb8 Qxa2 25.h4 Bf6 26.Qc7+ Kh6 27.Qxc5 Bxh4 28.Qf8+ Kh5 29.Qc5+ g5
30.Qe7 Qxc2 31.Qxh7+ Kg4 32.Qe4+ Kh5 33.Qf3+ Kh6 34.Ne5 Qc1+ 35.Kh2 g4 36.Qf8+ Kg5  1-0

[Event "Acropolis Open"]
[Site "Athens GRE"]
[Date "2008.08.13"]
[Round "5"]
[White "Salgado Lopez,I"]
[Black "Atakisi,U"]
[Result "1-0"]
[WhiteElo "2532"]
[BlackElo "2388"]

1.e4 c5 2.Nf3 Nc6 3.Nc3 e5 4.Bc4 Be7 5.d3 d6 6.O-O Nf6 7.Ng5 O-O 8.f4 h6
9.Nf3 exf4 10.Bxf4 Be6 11.Nd5 Bxd5 12.Bxd5 Nxd5 13.exd5 Ne5 14.Bxe5 dxe5
15.c4 Bd6 16.g4 f5 17.gxf5 Rxf5 18.Qe2 Qd7 19.Nd2 Rf4 20.Rxf4 exf4 21.Re1 Rd8
22.Qe6+ Qxe6 23.Rxe6 Kf7 24.Kg2 Bf8 25.Nf3 g5 26.h4 Rd6 27.Rxd6 Bxd6 28.hxg5 h5
29.Nh4 Be7 30.g6+ Ke8 31.Nf5 Bf6 32.Kf3 Bxb2 33.Kxf4 Bf6 34.Nd6+ Kf8 35.Nxb7 Kg7
36.d6 h4 37.Kg4 h3 38.Kxh3 Kxg6 39.Kg4  1-0

[Event "Acropolis Open"]
[Site "Athens GRE"]
[Date "2008.08.13"]
[Round "5"]
[White "Gazis,Ef"]
[Black "Klokas,K"]
[Result "0-1"]
[WhiteElo "2308"]
[BlackElo "2167"]

1.e4 c5 2.Nf3 Nc6 3.Nc3 Nf6 4.Bb5 g6 5.O-O Bg7 6.h3 O-O 7.Bxc6 dxc6 8.d3 Nd7
9.Be3 e5 10.Qc1 Qe7 11.Bh6 Rd8 12.Bxg7 Kxg7 13.Nh2 Nf8 14.f4 exf4 15.Qxf4 Ne6
16.Qe5+ f6 17.Qg3 Nd4 18.Rf2 Be6 19.Raf1 Rf8 20.Ng4 Bxg4 21.Qxg4 Rae8 22.Qh4 f5
23.Qxe7+ Rxe7 24.exf5 Rxf5 25.Rxf5 gxf5 26.Rc1 Re2 27.Na4 b6 28.c3 Nc2 29.Rf1 Ne3
30.Rf2 Re1+ 31.Kh2 Nf1+ 32.Kg1 Ne3+ 33.Kh2 Rd1 34.Kg3 Rxd3 35.Kh4 Kg6 36.Re2 f4
37.Rf2 h5 38.g4 hxg4 39.hxg4 Rd7 40.Rxf4 Ng2+ 41.Kg3 Nxf4 42.Kxf4 Rd5 43.b3 b5
44.Nb2 Rd2  0-1

[Event "Acropolis Open"]
[Site "Athens GRE"]
[Date "2008.08.13"]
[Round "5"]
[White "Tirard,H"]
[Black "Galopoulos,P"]
[Result "1-0"]
[WhiteElo "2461"]
[BlackElo "2003"]

1.e4 c5 2.Nc3 Nc6 3.Nf3 Nf6 4.d4 cxd4 5.Nxd4 e5 6.Ndb5 d6 7.a4 a6 8.Na3 Be6
9.Bg5 Be7 10.Bxf6 Bxf6 11.Bc4 O-O 12.Nd5 Bg5 13.O-O Rc8 14.c3 Kh8 15.b4 Ne7
16.a5 Bxd5 17.Bxd5 Rxc3 18.Bxb7 Qb8 19.Bxa6 Qxb4 20.Qe1 Nc6 21.Nb1 Rb3 22.Qxb4 Rxb4
23.Bd3 Rd4 24.Be2 Rxe4 25.Nc3 Rb4 26.Bf3 Na7 27.a6 f5 28.Bb7 Bd2 29.Nd5 Rb5
30.Rfd1 Ba5 31.Rdc1 Kg8 32.Ne7+ Kf7 33.Nc8 Bb6 34.Nxd6+  1-0

[Event "Independence Cup A"]
[Site "Kyiv UKR"]
[Date "2008.08.13"]
[Round "1"]
[White "Sshedrin,I"]
[Black "Stavroyany,S"]
[Result "0-1"]
[WhiteElo "1969"]
[BlackElo "2236"]

1.e4 c5 2.Nc3 Nc6 3.Bb5 e5 4.Bxc6 bxc6 5.d3 d6 6.Nge2 Ne7 7.O-O Ng6 8.f4 exf4
9.Nxf4 Be7 10.Nce2 O-O 11.Bd2 Bf6 12.Rb1 Rb8 13.b3 Be5 14.Ng3 Qh4 15.Qh5 Qxh5
16.Nfxh5 Bg4 17.h3 Bxh5 18.Nxh5 Rfe8 19.Nf4 Nxf4 20.Bxf4 Bxf4 21.Rxf4 f6
22.Rd1 Kf7 23.g4 Ke6 24.Kf2 a5 25.a4 Rh8 26.Rf5 g6 27.Rf3 h5 28.gxh5 Rxh5
29.Rf1 g5 30.Kg2 Rh6 31.R3f2 Rbh8 32.Rf3 Rg6 33.Kg3 Rh4 34.Kf2 Ke5 35.Ke3 Rgh6
36.Rf5+ Ke6 37.R1f3 Ke7 38.d4 cxd4+ 39.Kxd4 d5 40.Re3 Ke6 41.Rff3 Rxe4+ 42.Rxe4+ dxe4
43.Kxe4 Rh4+ 44.Kd3 f5 45.Rg3 Kf6 46.c3 c5 47.Kc2 f4 48.Rf3 Ke5 49.Kd3 Rh7
50.Ke2 Ke4 51.Rd3 g4 52.Rd1 g3 53.Rd8 f3+ 54.Kf1 Rxh3 55.Kg1 f2+ 56.Kg2 Rh2+  0-1

[Event "Independence Cup A"]
[Site "Kyiv UKR"]
[Date "2008.08.13"]
[Round "11"]
[White "Sivuk,V"]
[Black "Tkachuk,A"]
[Result "1-0"]
[WhiteElo "2324"]
[BlackElo "2119"]

1.e4 c5 2.Nc3 Nc6 3.Bb5 d6 4.Bxc6+ bxc6 5.d3 e5 6.f4 exf4 7.Bxf4 Be7 8.Nf3 Nf6
9.Qd2 O-O 10.O-O Ne8 11.b3 Nc7 12.Bg5 Bxg5 13.Nxg5 Ne6 14.Nf3 Nd4 15.Rae1 Qa5
16.e5 d5 17.Rf2 Qb4 18.Nxd4 cxd4 19.Nxd5 Qxd2 20.Ne7+ Kh8 21.Rxd2 Bd7 22.Rf2 g6
23.Rf6 c5 24.Nd5 Rae8 25.Ra6 Be6 26.Nc7 Re7 27.Nxe6 Rxe6 28.Rxa7 f6 29.Rc7  1-0

[Event "Open"]
[Site "Panevezys LTU"]
[Date "2008.08.13"]
[Round "3"]
[White "Solodovnichenko,Y"]
[Black "Rogule,L"]
[Result "1-0"]
[WhiteElo "2541"]
[BlackElo "2265"]

1.e4 c5 2.Nc3 Nc6 3.Nge2 Nf6 4.d4 cxd4 5.Nxd4 d6 6.Bg5 e6 7.Qd2 a6 8.O-O-O Bd7
9.f3 Rc8 10.Nxc6 Rxc6 11.Ne2 Be7 12.h4 b5 13.Kb1 O-O 14.g4 Bc8 15.Be3 Nd7
16.Nd4 Rc7 17.g5 Ne5 18.Qg2 Nc4 19.Bc1 Bd7 20.h5 Qc8 21.b3 Na5 22.Bd3 Nb7
23.Bb2 Nc5 24.g6 e5 25.h6 fxg6 26.Nf5 Bxf5 27.hxg7 Kxg7 28.exf5 Rxf5 29.Bxf5 Qxf5
30.f4 Qxf4 31.Rdf1 Qe4 32.Qf2 Qd5 33.Qf4 Kh8 34.Qh2 h5 35.Qf4 Kg8 36.Qh6 Qe4
37.Rhg1 g5 38.Rxg5+ Bxg5 39.Rf8+  1-0

[Event "Open"]
[Site "Ptuj SLO"]
[Date "2008.08.13"]
[Round "6"]
[White "Biti,O"]
[Black "Kokol,P"]
[Result "1/2-1/2"]
[WhiteElo "2384"]
[BlackElo "2253"]

1.e4 c5 2.Nc3 Nc6 3.Bb5 Nd4 4.Bc4 g6 5.Nf3 Bg7 6.Nxd4 cxd4 7.Qf3 Nh6 8.Ne2 O-O
9.d3 Ng4 10.Bb3 d6 11.Qg3 Qb6 12.O-O Nf6 13.Bg5 Be6 14.Bxe6 fxe6 15.Qh3 e5
16.Qe6+ Rf7 17.b3 Qc6 18.Bxf6 exf6 19.c3 Re8 20.Qc4 f5 21.exf5 Qxc4 22.bxc4 gxf5
23.cxd4 e4 24.dxe4 Rxe4  1/2-1/2

[Event "Independence Cup A"]
[Site "Kyiv UKR"]
[Date "2008.08.14"]
[Round "2"]
[White "Khaetsky,R"]
[Black "Matorin,E"]
[Result "1-0"]
[WhiteElo "2400"]
[BlackElo "2232"]

1.e4 c5 2.Nc3 Nc6 3.Bb5 g6 4.Bxc6 dxc6 5.d3 Bg7 6.f4 e5 7.Nf3 exf4 8.Bxf4 Ne7
9.Qd2 Qa5 10.Bd6 c4 11.Bxe7 Kxe7 12.Nd5+  1-0

[Event "Open"]
[Site "Stare Mesto CZE"]
[Date "2008.08.14"]
[Round "8"]
[White "Balazec,L"]
[Black "Senkyr,M"]
[Result "0-1"]
[WhiteElo "2047"]
[BlackElo "2169"]

1.e4 c5 2.Nc3 Nc6 3.Nge2 g6 4.d4 cxd4 5.Nxd4 Bg7 6.Be3 Nf6 7.f3 O-O 8.Bc4 a5
9.Qd2 d5 10.Nxc6 bxc6 11.exd5 cxd5 12.Nxd5 Nxd5 13.Bxd5 Rb8 14.c3 Ba6 15.Rd1 Qc7
16.Kf2 Rfd8 17.Qc1 a4 18.a3 Qa5 19.Be4 Qb5 20.Rxd8+ Rxd8 21.Qc2 f5 22.c4 Qxc4
23.Qxc4+ Bxc4 24.Rc1 Bb3 25.Bc2 Rb8 26.Bc5 e6 27.Bxb3 axb3 28.Bb4 Bxb2 29.Rb1 Bd4+
30.Ke2 b2 31.Kd3 Be5 32.f4 Bf6 33.Kc2 Rc8+ 34.Kd1 Rc4 35.g3 Kf7 36.Be1 Ke7
37.Bd2 Kd6 38.Be3 Kc6 39.Kd2 Kb5  0-1

[Event "WCh-Junior Girls"]
[Site "Gaziantep TUR"]
[Date "2008.08.15"]
[Round "13"]
[White "Bodnaruk,A"]
[Black "Sgircea,S"]
[Result "1-0"]
[WhiteElo "2394"]
[BlackElo "2167"]

1.e4 c5 2.Nc3 Nc6 3.Nf3 g6 4.d4 cxd4 5.Nxd4 Bg7 6.Be3 Nf6 7.Nxc6 bxc6 8.e5 Ng8
9.Bd4 c5 10.Bxc5 Qc7 11.Bd4 Bxe5 12.Nb5 Qb8 13.f4 Bxd4 14.Qxd4 Nf6 15.O-O-O O-O
16.Rg1 d5 17.Nc3 Bb7 18.g3 Rd8 19.Bg2 Qc7 20.Rge1 Ne4 21.Bxe4 dxe4 22.Qe5 Rxd1+
23.Rxd1 Rc8 24.Rd4 f5 25.Qxc7 Rxc7 26.Nd5 Bxd5 27.Rxd5 Kf7 28.c3 Kf6 29.Kd2 e6
30.Rd4 g5 31.Ke3 gxf4+ 32.gxf4 Rg7 33.Rd2 Rc7 34.Rd8 Ke7 35.Rd4 Kf6 36.c4 a5
37.b3 Ke7 38.Kd2 Rd7 39.Kc3 Rxd4 40.Kxd4 Kd6 41.a3 Kc6 42.b4 axb4 43.axb4 Kb6
44.c5+ Kb5 45.Kc3 Kc6 46.Kc4 Kc7 47.b5 Kb7 48.h3 h6 49.c6+ Kb6 50.Kd4 Kc7
51.Kc5 e3 52.b6+ Kc8 53.Kd6 e2 54.b7+ Kb8 55.Kd7 e1=Q 56.c7+ Kxb7 57.c8=Q+ Kb6
58.Qc6+ Ka5 59.Qxe6 Qd1+ 60.Ke7 Qh5 61.Qe3 Qg6 62.Qc5+ Ka4 63.Qc4+ Ka3 64.Qf7 Qg3
65.Qxf5 Kb4 66.Qg4 Qe3+ 67.Kf6 Qd4+ 68.Kg6 Qd6+ 69.Kh5 Kc5 70.f5 Qf8 71.Qg6 Kd5
72.Qe6+ Kd4 73.f6  1-0

[Event "Independence Cup A"]
[Site "Kyiv UKR"]
[Date "2008.08.15"]
[Round "3"]
[White "Sshedrin,I"]
[Black "Moiseev,Ig"]
[Result "1-0"]
[WhiteElo "1969"]
[BlackElo "2228"]

1.e4 c5 2.Nc3 Nc6 3.Bb5 g6 4.Bxc6 dxc6 5.d3 Bg7 6.f4 Nf6 7.Nf3 O-O 8.O-O b6
9.Qe1 a5 10.Ne5 Qc7 11.a4 Ne8 12.Qg3 Be6 13.b3 Rd8 14.Bb2 Nd6 15.Nd1 f6 16.Nf3 Nf7
17.Qh4 Bh6 18.e5 g5 19.Qg3 Bg7 20.fxg5 Nxe5 21.Nxe5 fxe5 22.Nf2 Rf4 23.Ne4 Rdf8
24.Rf2 Qd7 25.Raf1 Bd5 26.Nd2 b5 27.g6 h6 28.Qe3 Qg4 29.Nf3 e4 30.Bxg7 Rxf3
31.Qxh6 Qxg2+ 32.Kxg2 Rxf2+ 33.Rxf2 e3+ 34.Kg3  1-0

[Event "Open"]
[Site "Panevezys LTU"]
[Date "2008.08.15"]
[Round "5"]
[White "Zilinskas,V"]
[Black "Balcaite,A"]
[Result "1-0"]
[WhiteElo "2147"]
[BlackElo "1830"]

1.e4 c5 2.Nc3 Nc6 3.Bb5 g6 4.Bxc6 bxc6 5.d4 Qa5 6.dxc5 Bg7 7.Ne2 Nf6 8.O-O Qxc5
9.Rb1 Ba6 10.Be3 Qc4 11.f3 d6 12.Qd2 O-O 13.a3 Qe6 14.Rfe1 Rfd8 15.Rbd1 Qd7
16.Nc1 Rab8 17.Nd3 e5 18.Qf2 Bxd3 19.cxd3 d5 20.Bxa7 Rb7 21.Bc5 d4 22.Nb1 Rb3
23.Bb4 Bf8 24.Qc2 Bxb4 25.Qxb3 Bxe1 26.Rxe1 c5 27.Rc1 Qd6 28.Nd2 Rb8 29.Qc2 Nd7
30.Nc4 Qa6 31.Qd2 Rb3 32.Rf1 f6 33.f4 Nb6 34.Qc2 Qb5 35.Nxb6 Qxb6 36.Qc4+ Kg7
37.fxe5 fxe5 38.Qf7+ Kh6 39.Qf8+ Kh5 40.Qe7 Rxd3 41.Qxh7+ Kg5 42.h4+ Kg4
43.Qe7  1-0

[Event "IM"]
[Site "Panevezys LTU"]
[Date "2008.08.15"]
[Round "6"]
[White "Zozulia,A"]
[Black "Zickus,S"]
[Result "1-0"]
[WhiteElo "2346"]
[BlackElo "2269"]

1.e4 c5 2.Nf3 Nc6 3.Nc3 e5 4.Bc4 d6 5.d3 Be7 6.h3 Nf6 7.O-O O-O 8.a3 Be6
9.Nd5 Nd4 10.Nxf6+ Bxf6 11.c3 Nc6 12.Be3 Re8 13.Bxe6 Rxe6 14.b4 b6 15.Qb3 Qd7
16.a4 Rb8 17.Rfb1 cxb4 18.cxb4 Ne7 19.b5 d5 20.Rc1 d4 21.Bd2 Ng6 22.Qc4 Bd8
23.Ra2 Rf6 24.Nh2 h5 25.Rac2 Nh4 26.Qd5 Qxd5 27.exd5 Rd6 28.Rc8 Rxc8 29.Rxc8 Ng6
30.Ra8 Rd7 31.Nf3 f6 32.Ne1 Kf7 33.Nc2 Be7 34.g3 Bc5 35.Bb4 Ne7 36.d6 Nd5
37.Bxc5 bxc5 38.Rc8 e4 39.dxe4 d3 40.exd5 dxc2 41.Rxc5 Rxd6 42.Rxc2 Kg6 43.Rc7 a6
44.Rc6  1-0

[Event "Open"]
[Site "Panevezys LTU"]
[Date "2008.08.15"]
[Round "6"]
[White "Savickas,A"]
[Black "Garnelis,J"]
[Result "1/2-1/2"]
[WhiteElo "2351"]
[BlackElo "2166"]

1.e4 c5 2.Nc3 Nc6 3.Nge2 Nd4 4.Nxd4 cxd4 5.Ne2 d5 6.d3 e5 7.c3 dxc3 8.Nxc3 d4
9.Nd5 Ne7 10.Nxe7 Bxe7 11.Be2 Bb4+ 12.Bd2 Qa5 13.g3 Be6 14.Bxb4 Qxb4+ 15.Qd2 Qxd2+
16.Kxd2 Rc8 17.f4 f6 18.Rac1 Ke7 19.f5 Bf7 20.g4 h6 21.h4 a6 22.a3 Rxc1 23.Rxc1 Kd7
24.Rg1 Rc8 25.g5 Ke7 26.Bd1 Rc7 27.Ba4 b5 28.Bc2 a5 29.Bd1 Kf8 30.Be2 Rc8
31.Rb1 Ke7 32.Rg1 Kf8 33.Rg2 Rc7  1/2-1/2

[Event "Jessie Gilbert Celebration Int"]
[Site "Coulsdon ENG"]
[Date "2008.08.16"]
[Round "1"]
[White "Jones,G"]
[Black "Hodgson,Jo"]
[Result "1-0"]
[WhiteElo "2549"]
[BlackElo "2208"]

1.e4 c5 2.Nc3 Nc6 3.Bb5 Nd4 4.Bc4 e6 5.Nge2 Nf6 6.O-O a6 7.d3 b5 8.Bb3 Nxb3
9.axb3 Bb7 10.Bg5 Be7 11.Ng3 d5 12.Bxf6 Bxf6 13.exd5 Bxc3 14.bxc3 Qxd5 15.Ne4 O-O-O
16.c4 Qc6 17.f3 Qb6 18.Qe1 b4 19.Ra2 Rd7 20.Qe3 Rc7 21.Rfa1 f5 22.Ng5 Re8
23.Nxh7 e5 24.Qg5 Rf7 25.Qg3 Rfe7 26.Ng5 Qd6 27.Ra5 Qd4+ 28.Qf2 Rc7 29.Qxd4 exd4
30.Kf1 Kd7 31.Re1 Rxe1+ 32.Kxe1 Kc6 33.Kf2 Re7 34.h4 Kb6 35.Ra1 Bc6 36.Nh3 a5
37.Nf4 a4 38.Rxa4  1-0

[Event "Open"]
[Site "Panevezys LTU"]
[Date "2008.08.16"]
[Round "7"]
[White "Solodovnichenko,Y"]
[Black "Malinin,Y"]
[Result "1-0"]
[WhiteElo "2541"]
[BlackElo "2353"]

1.Nf3 c5 2.e4 Nc6 3.Nc3 g6 4.d4 cxd4 5.Nxd4 Bg7 6.Be3 Nf6 7.Bc4 d6 8.f3 Bd7
9.Bb3 Ne5 10.g4 Rb8 11.Qe2 Qa5 12.O-O-O O-O 13.h4 Rfc8 14.h5 Rxc3 15.bxc3 Qxc3
16.hxg6 hxg6 17.Kb1 a5 18.Bd2 Qxd4 19.Bh6 Qc3 20.Bxg7 Kxg7 21.Qh2 Nh5 22.gxh5 g5
23.f4 a4 24.fxe5 axb3 25.cxb3 Bc6 26.Rhe1 Qxe5 27.Qe2 Rh8 28.Qg4 Rh6 29.Rd3 Rf6
30.Rf3 Re6 31.Rfe3 Qf4 32.Qe2 Kh6 33.a4 g4 34.Ka2 f6 35.Rf1 Qg5 36.Rf5 Qh4
37.Rf4 Kg5 38.Qd2 Kxh5 39.b4 Re5 40.Rf5+ Kg6 41.Rxe5 fxe5 42.b5 Be8 43.Ka3 Qg5
44.Qe1 Qf4 45.Rb3 Bf7 46.Rg3 Kg5 47.a5 d5 48.a6 bxa6 49.b6 Qf6 50.Qd2+ Kh4
51.Qh2+ Kg5 52.Qd2+ Kh4 53.Rb3 dxe4 54.b7 Bxb3 55.Qh2+ Kg5 56.b8=Q Bc4 57.Qbxe5+ Qxe5
58.Qxe5+ Kh4 59.Qh2+ Kg5 60.Kb4 Bb5 61.Kc5 Bd3 62.Kd4 a5 63.Qe5+ Kh4 64.Ke3  1-0

[Event "Acropolis Open"]
[Site "Athens GRE"]
[Date "2008.08.17"]
[Round "9"]
[White "Petraki,M"]
[Black "Galopoulos,P"]
[Result "1-0"]
[WhiteElo "2069"]
[BlackElo "2003"]

1.e4 c5 2.Nc3 Nc6 3.Bb5 d6 4.Bxc6+ bxc6 5.f4 g6 6.Nf3 Bg7 7.d3 Rb8 8.O-O Nf6
9.Qe1 O-O 10.Qh4 Nd7 11.f5 Ne5 12.Nxe5 Bxe5 13.Bh6 Rxb2 14.Ne2 Rxc2 15.Rae1 Rxa2
16.Nf4 Bg7 17.Bxg7 Kxg7 18.Rf3 e5 19.f6+ Kh8 20.Qh6 Rg8 21.Nh3 Qf8 22.Ng5 Rg7
23.fxg7+ Qxg7 24.Nxf7+  1-0

[Event "U16 Olympiad"]
[Site "Mersin TUR"]
[Date "2008.08.17"]
[Round "1"]
[White "Bodnaruk,A"]
[Black "Yuksel,A"]
[Result "1/2-1/2"]
[WhiteElo "2394"]
[BlackElo "1936"]

1.e4 c5 2.Nc3 Nc6 3.Nf3 d6 4.d4 cxd4 5.Nxd4 Nf6 6.Bg5 e6 7.Qd2 Be7 8.O-O-O O-O
9.f4 Nxd4 10.Qxd4 Qa5 11.Bc4 Bd7 12.e5 dxe5 13.fxe5 Bc6 14.Bd2 Nd7 15.Nd5 Qd8
16.Nxe7+ Qxe7 17.Rhe1 Rfd8 18.Qg4 Nb6 19.Bd3 Rxd3 20.cxd3 Ba4 21.Kb1 Bxd1
22.Rxd1 Rc8 23.Qe4 Nd5 24.Rf1 b5 25.a3 Qc7 26.Rc1 Qd7 27.Rxc8+ Qxc8 28.Qd4 Qc7
29.a4 a6 30.axb5 axb5 31.g3 Qb6 32.Qh4 h6 33.d4 b4 34.Qe4 Qb5 35.b3 Qf1+
36.Kc2 Qf2 37.Kd3 Qxh2 38.Qe1 Qh3 39.Kc4 Qg4 40.Qf2 Qe4 41.Bxb4 Ne3+ 42.Kb5 Qxd4
43.Qf4 Qd3+ 44.Ka4 Qa6+ 45.Ba5 Qc6+ 46.Ka3 Qc1+ 47.Ka4 Qa1+ 48.Kb5 Nd5 49.Qe4 Qb2
50.Qd3 Qxe5 51.Ka4 Qd6 52.Qb5 Kh7 53.g4 Qf4+ 54.Qc4 Qe5 55.b4 g6 56.Qd3 f5
57.gxf5 exf5 58.Kb3 Qe6 59.Ka4 Nf4 60.Qd4 Qa2+ 61.Kb5 Qd5+ 62.Qc5 Qxc5+ 63.Kxc5 Nd3+
64.Kd4 Nxb4 65.Bxb4 g5 66.Ke3 Kg6 67.Bd6 h5 68.Kf3 h4 69.Bc7 Kh5 70.Bd6 Kg6
71.Bc7 g4+ 72.Kg2 h3+ 73.Kg3 Kf6 74.Bf4 Ke6 75.Kf2 Kd5 76.Ke3 Kc4 77.Be5 Kd5
78.Bf4 Ke6 79.Kf2  1/2-1/2

[Event "23rd Open"]
[Site "Schwarzach AUT"]
[Date "2008.08.17"]
[Round "2"]
[White "Schulenburg,F"]
[Black "Krivoborodov,E"]
[Result "0-1"]
[WhiteElo "2163"]
[BlackElo "2414"]

1.e4 c5 2.Nf3 Nc6 3.Nc3 d6 4.d4 cxd4 5.Nxd4 Nf6 6.Be3 e5 7.Nb3 Be7 8.Be2 O-O
9.O-O a5 10.a4 Be6 11.Bf3 Nb4 12.Qe2 Qc8 13.Rfd1 Qc4 14.Qxc4 Bxc4 15.Nd2 Be6
16.Rac1 h6 17.Nf1 Rfc8 18.Rd2 Bf8 19.Rcd1 Rc6 20.h3 Rac8 21.Ng3 g6 22.Be2 Rxc3
23.bxc3 Na2 24.Ra1 Nxc3 25.Bb6 Nfxe4 26.Nxe4 Nxe4 27.Rdd1 Nc3 28.Re1 Nxe2+
29.Rxe2 Ra8 30.Bc7 Bd7 31.Rd2 Ra6 32.c3 Kg7 33.Rd5 Be7 34.Ra3 Kf6 35.Rxa5 Rc6
36.Bb8 Rc8 37.Ba7 Bd8 38.Rd5 Ke6 39.Rd1 Ba5 40.Rd3 b6 41.Rb3 Bxa4 42.Bxb6 Bxb3
43.Bxa5 d5 44.Rd2 Ra8 45.Bb4 Bc4 46.g3 Ra1+ 47.Kg2 Rb1 48.Ba5 f6 49.h4 h5
50.Kf3 Rb5 51.Bb4 d4 52.Rb2 d3 53.Ke3 g5 54.hxg5 fxg5 55.f3 Kf5 56.Rh2 Rd5
57.Be7 Rd7 58.Bc5 Rb7 59.Bd6 Rb1 60.Bc7 Re1+ 61.Kd2 Rg1 62.f4 h4 63.gxh4 gxf4
64.Rf2 Ra1 65.Bb6 e4 66.h5 Ra2+  0-1

[Event "Independence Cup G"]
[Site "Kyiv UKR"]
[Date "2008.08.18"]
[Round "6"]
[White "Simonian,H"]
[Black "Kovchan,A"]
[Result "1/2-1/2"]
[WhiteElo "2452"]
[BlackElo "2520"]

1.e4 c5 2.Nc3 Nc6 3.Bb5 Nd4 4.Bc4 e6 5.Nge2 Nf6 6.O-O a6 7.d3 b5 8.Bb3 Nxb3
9.axb3 Bb7 10.f4 b4 11.Na4 h5 12.f5 e5 13.Bg5 d5 14.Qe1 Be7 15.Rd1 Qd6 16.Qf2 d4
17.Qh4 O-O-O 18.h3 Kb8 19.Rf3 Ka7 20.Ng3 Rc8 21.Nf1 Bc6 22.Ra1 Bb5 23.Nd2 Rce8
24.Nc4 Bxc4 25.bxc4 Nd7 26.Bxe7 Qxe7 27.Qf2 h4 28.Qd2 Qd6 29.Rff1 Rc8 30.b3 Qh6
31.Qe2 Nf6 32.Ra2 Nh5 33.Rfa1 Rc6 34.Qg4 Nf6 35.Qf3 Nd7 36.Nb2 Qg5 37.Nd1 Nf6
38.Nf2 Kb7 39.Ng4 Nxg4 40.Qxg4 Qxg4 41.hxg4  1/2-1/2

[Event "5th DA Tan Malaysian Open"]
[Site "Kuala Lumpur MAS"]
[Date "2008.08.20"]
[Round "5"]
[White "Yu Lie"]
[Black "Ong,Way"]
[Result "1-0"]
[WhiteElo "2377"]
[BlackElo "2008"]

1.e4 c5 2.Nc3 Nc6 3.Nf3 d6 4.d4 cxd4 5.Nxd4 e6 6.Be3 Nf6 7.Qe2 Nxd4 8.Bxd4 a6
9.O-O-O Qa5 10.e5 dxe5 11.Bxe5 Be7 12.g3 Ng4 13.Bd6 Bxd6 14.Rxd6 Qc7 15.Qxg4 Qxd6
16.Qxg7 Qf8 17.Qd4 f5 18.Be2 Qh6+ 19.f4 O-O 20.Na4 Qf6 21.Qxf6 Rxf6 22.Nb6 Rb8
23.Rd1 e5 24.Nd5 Re6 25.Nc7 Re7 26.Rd8+ Kg7 27.Ne8+ Kg6 28.Nd6 exf4 29.Bd3 f3
30.Nxc8 Rxc8 31.Rxc8 Re1+ 32.Kd2 f2 33.Rg8+ Kh6 34.Rb8 f1=Q 35.Bxf1 Rxf1
36.Rxb7 Rf2+ 37.Kd3 Rxh2 38.c4 Rg2 39.c5 Rxg3+ 40.Kd4 Rg4+ 41.Kd5 f4 42.c6 Rg5+
43.Kd4 f3 44.Rf7 Rg4+ 45.Kd5 Rg5+ 46.Kd6 Rg6+ 47.Kc5 Rg5+ 48.Kd4 Rg4+ 49.Ke3 Rc4
50.c7 Kg6 51.Rd7 f2 52.Kxf2 h6 53.Ke3 h5 54.b3 Rc2 55.Kd3 Rc6 56.Ke4 Kg5
57.Kd5 Rc3 58.Kd6 h4 59.Rd8 Rd3+ 60.Kc6  1-0

[Event "Independence Cup A"]
[Site "Kyiv UKR"]
[Date "2008.08.20"]
[Round "8"]
[White "Manilyk,A"]
[Black "Kabachenko,M"]
[Result "1-0"]
[WhiteElo "2139"]
[BlackElo "1920"]

1.e4 c5 2.Nc3 Nc6 3.Bb5 Nd4 4.Bc4 g6 5.Nf3 Bg7 6.Nxd4 Bxd4 7.Qf3 e6 8.d3 a6
9.a4 Qf6 10.Qxf6 Bxf6 11.Bf4 Ne7 12.Bd6 b6 13.Bc7 Bb7 14.Bxb6 d5 15.exd5 exd5
16.Ba2 Bxc3+ 17.bxc3 Rc8 18.Rb1 Ba8 19.O-O O-O 20.c4 d4 21.Rbe1 Nf5 22.Re5 Nh4
23.f3 Rfe8 24.Rfe1 Rxe5 25.Rxe5 Bxf3 26.Kf2 Bd1 27.Bb3 Nf5 28.Ke1 Ne3 29.Rxe3 dxe3
30.Kxd1 f5 31.a5 f4 32.c3 g5 33.Ke2 g4 34.Bd1 h5 35.g3 f3+ 36.Kxe3 Re8+ 37.Kf2 Re5
38.Bc7 Re6 39.d4 cxd4 40.cxd4 Re4 41.Be5 Kf8 42.c5 Ke8 43.c6 Kd8 44.c7+ Kc8
45.Bb3 Re2+ 46.Kf1 Kb7 47.Bd5+  1-0

[Event "ch-SLO w"]
[Site "Ljubljana SLO"]
[Date "2008.08.20"]
[Round "5"]
[White "Biti,A"]
[Black "Novak,Ks"]
[Result "1/2-1/2"]
[WhiteElo "2102"]
[BlackElo "2176"]

1.e4 c5 2.Nc3 Nc6 3.Bb5 Qc7 4.d3 e6 5.Bxc6 Qxc6 6.f4 d5 7.Nf3 Nf6 8.O-O d4
9.Ne5 Qc7 10.Nb5 Qd8 11.c3 a6 12.Qa4 Bd7 13.Nxd7 Nxd7 14.Na3 dxc3 15.bxc3 b5
16.Qd1 Be7 17.Nc2 O-O 18.Ne3 Kh8 19.Bb2 f5 20.exf5 exf5 21.Nd5 Nb6 22.Nxe7 Qxe7
23.Qe1 Qxe1 24.Raxe1 Rae8 25.Ba3 Na4 26.d4 Nxc3 27.Bxc5 Rxe1 28.Rxe1 Rd8
29.Re6 Nxa2 30.Rxa6 Nc3 31.Rc6 Ne2+ 32.Kf1 Nxf4 33.Rb6 Kg8 34.Rxb5 Rd7 35.Rb6 Kf7
36.Kf2 Nd5 37.Rd6 Rxd6 38.Bxd6 Ke6 39.Bc5 g5 40.h3 Nf4 41.Kf3 Nd3 42.Bb6 Ne1+
43.Kf2 Nc2 44.Ke2 Kd5 45.g4 fxg4 46.hxg4 Nxd4+ 47.Ke3 Nc6 48.Kf3 Ke5 49.Bc7+ Kf6
50.Kg3 Nd4 51.Bd8+ Kg6 52.Bc7 Ne6 53.Be5 Ng7 54.Bb2 Ne6 55.Be5 Nc5 56.Kf3 Nd3
57.Bd6 Nb2 58.Bc7 Nc4 59.Ke4 h5 60.gxh5+ Kxh5 61.Kd3 Nb2+ 62.Ke4 g4 63.Ke3 Kh4
64.Ke2 Kh3 65.Kf1 Nc4 66.Ke2 Kg2 67.Kd3 Nb2+ 68.Ke2 Na4 69.Bb8 Nc3+ 70.Kd3 Nd5
71.Ke2 Ne7 72.Bd6 Nf5  1/2-1/2